000 01422nam a22002777a 4500
003 AR-BeUNQ
005 20250416145849.0
008 250416b2023 |||||||| |||| 00| 0 spa d
020 _a9889874878564
040 _aAR-BeUNQ
_bspa
_cAR-BeUNQ
_eaacr
082 _221
_aA 860
100 1 0 _aMagistratti, María Julia
_caut.
_d1976-
245 1 0 _aPueblo
_cMaría Julia Magistratti
_hlibro
250 _a1a ed.
260 _aCiudad Autonoma de Buenos Aires:
_bLa Gran Nilson,
_c2023
300 _a84 p.;
_c20 cm.
490 _aIdentidades Bonaerenses
500 _aSe identifica con el paisaje de las localidades del interior donde la infancia es un punto de partida y es a la vez un punto de llegada. Así resuenan los versos del poema Infancia en dictadura. Como en la sentencia de Bachelard, la experiencia de la infancia demanda que sea narrada desde otro lugar lejos de la falta, en su resplandor, fuera de los límites de aquello que no se puede enunciar y lo representamos como un sentimiento que no encuentra traducción en la lengua", escribió el poeta Marcelo Díaz.
504 _aContiene biografía.
505 _aPoemario.
_gImagen de tapa
_rMiguel, Sebastián
650 _aNarrativa
_2tell
651 _aArgentina
_2unescot
700 0 2 _aMiguel Sebastián
_d1975-
_qilust.
929 1 0 _aDONACION
_bMinisterio de Educación de la Provincia de Buenos Aires
_c0
_d0
_e05/11/2024
_fPAT0082621
_j62914
942 _cLIB
999 _c1250
_d1250